000 00626nam a22002177a 4500
999 _c93555
_d93555
005 20230410110904.0
010 _aENG-112982
020 _c300.00
_a9789380036755
020 _c300.00
_a9380036752
035 _aEN-96514
037 _bDBAD/PUB
082 _a303.60954
245 _aDevelopment and conflicts /
_cEdited by Debjani Roy [and] Kriti Avishek
260 _aKolkata
_bMitram
_c2015
270 _bKolkata
_e700073
_a37A, College Street,
300 _a323p. :
_c24cm(pbk)
_bill.,maps
500 _aIncludes bibliographical references
700 _aRoy, Debjani
700 _aKirti Avishek
942 _2ddc
_cEN
_mDEV